50 parties du corps humain - Statistiques

Statistiques générales
  • Ce quiz a été pris 10 182 fois
  • Le résultat moyen est 26 sur 50
Statistiques - réponses
Définition Partie % Correct
Son battement est vital Cœur
100%
Organe nerveux qui contrôle toutes nos fonctions Cerveau
95%
Le liquide que ce dernier distribue Sang
87%
Organe du pelvis qui stocke l'urine avant son évacuation Vessie
82%
Elle nous permet de capter des sons Oreille
80%
Os de la cuisse Fémur
79%
Organe du goût Langue
79%
Les échanges gazeux s'effectuent au niveau de cet organe Poumons
79%
Organe qui produit l'urine Rein
76%
Produit de l'HCl pour la digestion Estomac
74%
Il produit les ovules Ovaire
73%
Incisive, molaire, canine,... Dent
72%
Plus volumineuse glande du corps Foie
69%
Il donne la couleur de l'œil Iris
69%
Il produit les spermatozoïde Testicule
69%
Partie nerveuse entourée par la colonne vertébrale Moelle {épinière}
66%
Tendon du mollet, qui peut se rompre Tendon d'{Achille}
66%
Le fœtus s'y trouve pendant toute la grossesse Utérus
66%
Conduit qui amène la nourriture à ce dernier Œsophage
65%
Conduit qui part de celui-ci et qui amène l'urine vers la sortie Urètre
65%
Il produit l'insuline Pancréas
63%
Organe reproducteur masculin, sert aussi à uriner Pénis
61%
Organe reproducteur féminin Vagin
60%
Une greffe de celle-ci peut être un traitement de certaine leucémie Moelle {osseuse}
59%
Os du bras Humérus
58%
Plus gros os de la jambe Tibia
58%
Vaisseau artériel qui part du ventricule gauche du cœur Artère {Aorte}
56%
Glande de l'appareil génital masculin, dont le cancer est fréquent chez les hommes de plus de 50 ans Prostate
53%
Os des doigts Phalange
52%
L'os qui va de paire avec ce dernier dans l'avant-bras Radius
50%
Organe sous celui-ci qui stocke la bile Vésicule biliaire
43%
Le nom du gros intestin Colon
40%
Paire de veines qui arrive dans l'oreillette droite du cœur Veine {Cave}
40%
Principal muscle respiratoire, celui qui donne le hoquet Diaphragme
39%
Os qu'on appelait autrefois "omoplate" Scapula
38%
Première portion de l'intestin grèle Duodénum
33%
Plus gros nerf du corps Nerf {Sciatique}
30%
Organe qui détruit les vieux globules rouges Rate
30%
L'os mobile de la mâchoire Mandibule
29%
Partie de l'œil où se trouvent les cônes et les batonnets Rétine
29%
Conduit qui part de celui-ci et amène l'urine vers l'endroit où elle sera conservée Uretère
29%
Grosse artère qui irrigue la tête et que l'on sent battre dans le cou Carotide
28%
L'os qu'on appelait autrefois "cubitus" Ulna
22%
Partie de la boîte crânienne où se trouve l'œil Orbite
20%
Première vertèbre cervicale Atlas
19%
Os à l'arriere du crâne Os {Occipital}
19%
Deuxième vertèbre cervicale Axis
16%
L'os que l'on appeleait autrefois "péroné" Fibula
16%
Enveloppes qui l'entourent ainsi que tous les éléments du système nerveux central Méninges
12%
Le nerf qui est touché dans le syndrome du canal carpien Médian
8%
Aucun quiz correspondant
Distribution des résultats
% des personnes avec chaque résultat
Percentile par nombre de réponses
Votre historique - résultats
Vous n’avez pas pris ce quiz